LIBRARY & INFORMATION CENTRE, KCAET, TAVANUR

ONLINE PUBLIC ACCESS CATALOGUE (OPAC)

Performance and design of alternating current machines / (Record no. 8970)

MARC details
000 -LEADER
fixed length control field 00433cam a2200169ua 4500
003 - CONTROL NUMBER IDENTIFIER
control field OSt
008 - FIXED-LENGTH DATA ELEMENTS--GENERAL INFORMATION
fixed length control field 241223b |||||||| |||| 00| 0 eng d
041 ## - LANGUAGE CODE
Language code of text/sound track or separate title eng
082 ## - DEWEY DECIMAL CLASSIFICATION NUMBER
Classification number 621.3133
Item number SAY/PE
100 ## - MAIN ENTRY--AUTHOR NAME
Personal name Say, M G .
245 ## - TITLE STATEMENT
Title Performance and design of alternating current machines /
250 ## - EDITION STATEMENT
Edition statement 3 /
260 ## - PUBLICATION, DISTRIBUTION, ETC. (IMPRINT)
Place of publication London :
Name of publisher Sir Isaac Pitman & Sons Ltd ,
Year of publication 1962.
300 ## - PHYSICAL DESCRIPTION
Number of Pages 664 ; .
500 ## - GENERAL NOTE
General note *CSS
942 ## - ADDED ENTRY ELEMENTS (KOHA)
Koha item type Books
Holdings
Withdrawn status Lost status Damaged status Home library Current library Date acquired Full call number Accession Number Koha item type Shelving location
      KAUAET KAUAET 07/04/2012 621.3133 SAY/PE 789 Books  
      KAUAET KAUAET 07/09/2018 621.3133 SAY/PE 17888 Book Bank scheme for SC students Scheme
      KAUAET KAUAET 07/09/2018 621.3133 SAY/PE 17889 Book Bank scheme for SC students Scheme
free website counter